• 首页
  • 本馆介绍
  • 公告通知
  • 最新文献
  • 馆藏检索
  • 电子资源
  • 读者导购
  • 参考咨询
  • 我的图书馆
  • 登录
  • 详细信息显示
  • 放入我的书架
  • 预约/预借图书
  • 作者相关作品
  • 分类相关作品
  • 丛书相关作品
  • 出版社相关作品

书目信息

  • 表格格式
  • 工作单格式
  • 卡片格式
题名:
密码学原理与Java实现
    
 
作者: 朱文伟 , 李建英 著
分册:  
出版信息: 北京   清华大学出版社  2021.6
页数: 358页
开本: 26cm
丛书名:
单 册:
中图分类: TN918.1 , TP312.8
科图分类:
主题词: 密码算法--JAVA语言--程序设计
电子资源:
ISBN: 978-7-302-58027-0
000 01628nam0 2200289 45
001 012001001226
005 20140913103107.0
010    @a978-7-302-58027-0@dCNY89.00
100    @a20210609d2021 em y0chiy50 ea
101 0  @achi
102    @aCN@b110000
105    @aak z 000yy
106    @ar
200 1  @a密码学原理与Java实现@Ami ma xue yuan li yu java shi xian@b专著@f朱文伟,李建英著
210    @a北京@c清华大学出版社@d2021.6
215    @a358页@c图@d26cm
300    @a并列题名:Cryptography principle and Java implementation
312    @a英文题名取自封面: Cryptography principle and Java implementation
330    @a现在,Java开发可谓如日中天,并且Java安全开发是Java开发领域中的一个重要内容,每个Java开发人员都必须掌握。市面中的绝大多数密码学书籍都是针对C或C++的,本书重点介绍Java自带加解密函数的相关技术,以及密码学领域重要的开源库OpenSSL在Java开发中的应用。本书共8章,主要内容包括密码学和Java概述、搭建Java密码开发环境、对称密码算法原理、利用JCA\JCE对称加解密、杂凑函数和HMAC、密码学中常见的编码格式、非对称算法RSA的加解密、数字签名技术等。本书内容很好详细,学习坡度很好平滑,循序渐进,就算没有密码学基础,也能从零开始到全面掌握。本书面向的读者是Java开发人员、企业内转行计算机信息安全的工作人员、已有信息安全基础并想了解Java加解密新特性的人员。本书也可作为高等院校和培训机构计算机及相关专业师生的教学参考书。
510 1  @aCryptography principle and Java implementation@zeng
606 0  @a密码算法@xJAVA语言@x程序设计
690    @aTN918.1@v5
690    @aTP312.8@v5
701  0 @a朱文伟@Azhu wen wei@4著
701  0 @a李建英@Ali jian ying@4著
801  0 @aCN@bBJSDL@c20211011
905    @b1333538-41@dTN918.1@e247@f4
    
    密码学原理与Java实现/朱文伟,李建英著.-北京:清华大学出版社,2021.6
    358页:图;26cm
    并列题名:Cryptography principle and Java implementation
    
    ISBN 978-7-302-58027-0:CNY89.00
    现在,Java开发可谓如日中天,并且Java安全开发是Java开发领域中的一个重要内容,每个Java开发人员都必须掌握。市面中的绝大多数密码学书籍都是针对C或C++的,本书重点介绍Java自带加解密函数的相关技术,以及密码学领域重要的开源库OpenSSL在Java开发中的应用。本书共8章,主要内容包括密码学和Java概述、搭建Java密码开发环境、对称密码算法原理、利用JCA\JCE对称加解密、杂凑函数和HMAC、密码学中常见的编码格式、非对称算法RSA的加解密、数字签名技术等。本书内容很好详细,学习坡度很好平滑,循序渐进,就算没有密码学基础,也能从零开始到全面掌握。本书面向的读者是Java开发人员、企业内转行计算机信息安全的工作人员、已有信息安全基础并想了解Java加解密新特性的人员。本书也可作为高等院校和培训机构计算机及相关专业师生的教学参考书。
●
相关链接 在E读中查询图书 在五车中查询图书 在当当中查询图书 在豆瓣中查询图书


正题名:密码学原理与Java实现     索取号:TN918.1/247         预约/预借

序号 登录号 条形码 馆藏地/架位号 状态 备注
1 1333538   213335381   第二样本阅览室/ [索取号:TN918.1/247] 在馆    
2 1333539   213335390   第三借阅区/ [索取号:TN918.1/247] 在馆    
3 1333540   213335407   第三借阅区/ [索取号:TN918.1/247] 在馆    
4 1333541   213335416   第三借阅区/ [索取号:TN918.1/247] 在馆    
唐山师范学院图书馆 欢迎您!
大连网信软件有限公司© 版权所有